000 00641nam a2200289Ia 4500
005 20260401122304.0
008 008 250103s9999 xx 000 0 eng d
037 _aTB
040 _aEDL
040 _beng
040 _cEDL
041 _2eng
041 _aeng
084 _a954.1031
084 _qEDL
100 _aSleeman, W.H.
245 0 _aJourney Through the Kingdom of Oude 1849-1850
245 0 _cSleeman, W.H.
260 _aNew Delhi
260 _bAsian Educational Services
260 _c1995
300 _a337p
942 _cTB
942 _h954.1031
999 _c1846250
_d1846250